Handbook on Environmental Law.3V (Record no. 1193773)

MARC details
000 -LEADER
fixed length control field 00848nam a2200313Ia 4500
003 - CONTROL NUMBER IDENTIFIER
control field OSt
005 - DATE AND TIME OF LATEST TRANSACTION
control field 20221007111735.0
008 - FIXED-LENGTH DATA ELEMENTS--GENERAL INFORMATION
fixed length control field 221006b |||||||| |||| 00| 0 eng d
020 ## - INTERNATIONAL STANDARD BOOK NUMBER
International Standard Book Number 8187162538 (Set)
037 ## - SOURCE OF ACQUISITION
Terms of availability Textual
040 ## - CATALOGING SOURCE
Original cataloging agency LCO
Transcribing agency LCO
Language of cataloging eng
041 ## - LANGUAGE CODE
Source of code eng
Language code of text/sound track or separate title eng
100 ## - MAIN ENTRY--PERSONAL NAME
Personal name Upadhyay Sanjay
245 #0 - TITLE STATEMENT
Title Handbook on Environmental Law.3V
260 ## - PUBLICATION, DISTRIBUTION, ETC.
Place of publication, distribution, etc. New
Name of publisher, distributor, etc. Delhi Lexis Nexis Butterworths India
Date of publication, distribution, etc. 2002
300 ## - PHYSICAL DESCRIPTION
Extent 574+731+487
490 ## - SERIES STATEMENT
Volume/sequential designation Vol.- 13
650 ## - SUBJECT ADDED ENTRY--TOPICAL TERM
Topical term or geographic name entry element FOREST
9 (RLIN) 233632
650 ## - SUBJECT ADDED ENTRY--TOPICAL TERM
Topical term or geographic name entry element WATER
650 ## - SUBJECT ADDED ENTRY--TOPICAL TERM
Topical term or geographic name entry element WILDLIFE
9 (RLIN) 708484
650 ## - SUBJECT ADDED ENTRY--TOPICAL TERM
Topical term or geographic name entry element ENVIRONMENT
700 ## - ADDED ENTRY--PERSONAL NAME
Personal name Upadhyay Videsh
9 (RLIN) 708485
942 ## - ADDED ENTRY ELEMENTS (KOHA)
Classification part Z2,218, P2
Koha item type Textual
Holdings
Withdrawn status Lost status Damaged status Not for loan Home library Current library Date acquired Serial Enumeration / chronology Total Checkouts Full call number Barcode Date last seen Price effective from Koha item type
        Law Centre-I Library Law Centre-I Library 2022-10-07 Vol.- 1   Z2,218 P2 LO1363132 3 2022-10-07 2022-10-07 Textual
Copyright @ Delhi University Library System